Indiana Jones Quotes: Temple of Doom - Statistics

General Stats
  • This quiz has been taken 611 times
  • The average score is 10 of 20
Answer Stats
Indiana Jones and the Temple of Doom Quotes % Correct
Hang on, lady. We going for a {ride}.
79%
Soon we will have all the five Sankara {stones}.
78%
I keep telling you, you listen me more, you {live} longer.
76%
I'm allowing you to {tag} along, so why don't you give your mouth a rest?
69%
Fortune and {glory}, kid. Fortune and {glory}.
66%
Excuse me, Sir. Do you have anything simple, like {soup}?
63%
Please listen. To get out, you must take the left {tunnel}.
61%
A boat?! We're not sinking, we're {crashing}!
58%
Those aren't big birds, sweetheart. They're giant {vampire} {bats}!
58%
{Children}. He says they stole their {children}.
56%
Mola Ram! Prepare to meet {Kali}, in hell!
56%
We... are going... {TO} {DIE}!
50%
Indy! Cover your {heart}!
49%
Drop them, Doctor Jones. They will be found. {You} {won't}!
41%
This Nurhachi's a real {small} guy.
34%
Ahhh... Snake {surprise}!
32%
Okey dokey, Doctor Jones. Hold on to your {potatoes}!
32%
Nothing shocks me, I'm a {scientist}.
25%
Om Namah {Shivay}, Om Namah {Shivay}!
21%
Why, you {conceited} ape, I'm not that easy.
8%
No matching quizzes found
Score Distribution
Percent of People with Each Score
Percentile by Number Answered
Your Score History
You have not taken this quiz